Asian Pacific Panorama : the exotic fruits of Malaysia.
| Format: | Book |
|---|---|
| Published: |
Seremban:
Sahadevan Publications,
1993.
|
| Subjects: |
| LEADER | 00448cam a2200145 7i4500 | ||
|---|---|---|---|
| 001 | 0000017302 | ||
| 005 | 20060418090000.0 | ||
| 090 | 0 | 0 | |a M 634.6 |b ASI |
| 245 | 0 | 0 | |a Asian Pacific Panorama : |b the exotic fruits of Malaysia. |
| 260 | 0 | 0 | |a Seremban: |b Sahadevan Publications, |c 1993. |
| 300 | # | # | |a 240 p. |
| 650 | 0 | 0 | |a Fruits -- |z Malaysia |
| 650 | 0 | 0 | |a Tropical fruits -- |z Malaysia |
| 651 | 0 | 0 | |a Malaysia |
| 999 | |a 0000018443 |b Book |c Malaysia |e Business Information Centre | ||